[Event "Asia-ch U20"]
[Site "Chennai"]
[Date "2008.12.06"]
[Round "1"]
[White "Sagar, Shah"]
[Black "Vigneshraj, Muthuram"]
[Result "1-0"]
[WhiteElo "2255"]
[BlackElo "1721"]
[PlyCount "47"]
[EventDate "2008.12.05"]
[EventType "swiss"]
[EventRounds "9"]
[EventCountry "IND"]
[SourceTitle "CBM 127 Extra"]
[Source "ChessBase"]
[SourceDate "2009.01.08"]
[SourceVersion "2"]
[SourceVersionDate "2009.01.28"]
[SourceQuality "1"]

1. d4 Nf6 2. c4 g6 3. Nc3 Bg7 4. e4 d6 5. f3 0-0 6. Nge2 e5 7. Bg5 Nbd7 8. Qd2 h6 9. Be3 Kh7 10. 0-0-0 Ne8 11. f4 Nb6 12. b3 exd4 13. Bxd4 Qe7 14. Bxg7 Nxg7 15. Nd4 Bd7 16. Bd3 Ne6 17. Nxe6 Bxe6 18. Rde1 Rae8 19. h4 h5 20. f5 Bd7 21. g4 hxg4 22. Qg5 Qe5 23. Kc2 Rh8 24. h5 1-0

[Event "Mumbai Mayors Cup 1st"]
[Site "Mumbai"]
[Date "2008.05.11"]
[Round "1"]
[White "Vigneshraj, Muthuram"]
[Black "Tiwari, Arjun"]
[Result "0-1"]
[WhiteElo "1731"]
[BlackElo "2320"]
[PlyCount "98"]
[EventDate "2008.05.11"]
[EventType "swiss"]
[EventRounds "11"]
[EventCountry "IND"]
[SourceTitle "CBM 124 Extra"]
[Source "ChessBase"]
[SourceDate "2008.07.03"]
[SourceVersion "1"]
[SourceVersionDate "2008.07.03"]
[SourceQuality "1"]

1. e4 g6 2. d4 Bg7 3. Nf3 d6 4. Bd3 c5 5. c3 cxd4 6. Nxd4 Nf6 7. Nd2 0-0 8. N2f3 e5 9. Ne2 d5 10. Ng3 Nbd7 11. Bc2 dxe4 12. Nxe4 Nxe4 13. Bxe4 Nc5 14. Qxd8 Rxd8 15. Bc2 Nd3+ 16. Bxd3 Rxd3 17. Be3 Bg4 18. h3 Be6 19. 0-0 f5 20. Rfd1 Rxd1+ 21. Rxd1 f4 22. Bc5 b6 23. Ba3 e4 24. Nh2 Re8 25. Kf1 h5 26. Ke1 Bf6 27. Nf1 Bxa2 28. g3 g5 29. g4 hxg4 30. hxg4 Be6 31. Nh2 Kf7 32. Kf1 Be5 33. Bd6 Rd8 34. Bxe5 Rxd1+ 35. Kg2 f3+ 36. Kh3 Bc4 37. Bd4 Rh1 38. Kg3 Ke6 39. Bh8 Bf1 40. Nxf1 Rxf1 41. Bd4 Rg1+ 42. Kh3 Kd5 43. Bf6 Rg2 44. Bd4 Kc4 45. b4 a5 46. Bxb6 a4 47. Be3 a3 48. Bc1 a2 49. Bb2 e3 0-1